CHIBBID 2 - Statistics

General Stats
  • This quiz has been taken 4 times
  • The average score is 18 of 30
Answer Stats
Hint Answer % Correct
Guinea pig Alvibbid
100%
real name Connor Hubbard
100%
Aura walk Ethan wibbid
100%
game Need for spibbid
100%
jimmy sav Nibbid
100%
milfield school Tony Adams sibbid
100%
Guinea pig Bibbid
67%
Joe no Boe jibbid
67%
77 Hawtonville Bus stop man
67%
Beverage Cheer
67%
a lot of chibbids Chibbid X69
67%
Sea Fishib
67%
red Huuuu Chibbid
67%
Get up Jack rowibbid
67%
shitbox Kia picibbid
67%
sleep Pillibbid
67%
Guinea pig Squibbid
67%
Overpriced Waitribbid
67%
Screamer Wanyibbid
67%
desert Chimmal
33%
4-0 Corner taken quickly Chibbid
33%
Travis Darren muribbid
33%
cibbid Dogs mateibbid
33%
Vehicle Ecosystem Cribbed
33%
Neil Warnock Have a fookin word with him then chibbid
33%
true Geordie Mitrovic I said chib it
33%
Skolioliolioliolio Rory skolibbid
33%
Lorry Timibbid
33%
Jackson Wacko Jackibbid
33%
shut ya mouth What's a libbid
33%
No matching quizzes found
Score Distribution
Percent of People with Each Score
Percentile by Number Answered
Your Score History
You have not taken this quiz